Which Beatles Member? - Statistics

General Stats
  • This quiz has been taken 50 times
  • The average score is 8 of 12
Answer Stats
Question Answer % Correct
Said the quote "the Beatles were more popular than Jesus" John Lennon
95%
Married to Yoko Ono John Lennon
95%
Lead drummer Ringo Starr
95%
Has/Had throat cancer George Harrison
90%
Known as the "Quiet Beatle" George Harrison
90%
A vegetarian Paul McCartney
86%
Was born earlier Ringo Starr
81%
Has/Had dyslexia John Lennon
48%
Wrote the most songs Paul McCartney
48%
Released their first solo album in 1970 Paul McCartney
33%
Did attend John's funeral George Harrison
19%
Broke up first Ringo Starr
10%
No matching quizzes found
Score Distribution
Percent of People with Each Score
Percentile by Number Answered
Your Score History
You have not taken this quiz